[Event "KOS-chT"]
[Site "Pristina"]
[Date "2017.05.20"]
[Round "4.4"]
[White "Jashari, Ardian"]
[Black "Ondozi, Murtez"]
[Result "0-1"]
[WhiteElo "2103"]
[BlackElo "2384"]
[PlyCount "55"]
[EventDate "2017.05.17"]
[EventType "team-tourn"]
[EventRounds "7"]
[EventCountry "KOS"]
[SourceTitle "CBM 178 Extra"]
[Source "ChessBase"]
[SourceDate "2017.06.22"]
[SourceVersion "1"]
[SourceVersionDate "2017.06.22"]
[SourceQuality "1"]
[WhiteTeam "Decani"]
[BlackTeam "Pristina"]
[WhiteTeamCountry "KOS"]
[BlackTeamCountry "KOS"]

1. e4 c5 2. Nf3 e6 3. Nc3 Nc6 4. Bb5 Qc7 5. 0-0 a6 6. Bxc6 Qxc6 7. d4 cxd4 8. Nxd4 Qc7 9. Re1 d6 10. a4 Nf6 11. Be3 b6 12. a5 b5 13. f3 Bb7 14. Nb3 Be7 15. Bb6 Qc8 16. Qd2 0-0 17. Rad1 Nd7 18. Bf2 Ne5 19. Ne2 Rd8 20. Qc1 Nc4 21. Nd2 d5 22. exd5 Rxd5 23. Nxc4 Qxc4 24. Rxd5 Bxd5 25. c3 b4 26. Bd4 Qb5 27. Qa1 Bc4 28. Ng3 0-1

[Event "Lyon Memory Trophy 2nd"]
[Site "Lyon"]
[Date "2016.05.05"]
[Round "8.1"]
[White "Ondozi, Murtez"]
[Black "Billiard, Bernard"]
[Result "1-0"]
[WhiteElo "2393"]
[BlackElo "2130"]
[PlyCount "97"]
[EventDate "2016.05.05"]
[EventType "swiss (rapid)"]
[EventRounds "5"]
[EventCountry "FRA"]
[SourceTitle "EXT 2024"]
[Source "ChessBase"]
[SourceDate "2023.10.10"]
[SourceVersion "1"]
[SourceVersionDate "2023.10.10"]
[SourceQuality "1"]

1. d4 Nf6 2. Nf3 e6 3. g3 d5 4. Bg2 Be7 5. 0-0 0-0 6. c4 c5 7. cxd5 Nxd5 8. Nc3 Nxc3 9. bxc3 Nc6 10. e3 Qc7 11. Ba3 Rd8 12. Qe2 Qa5 13. Bb2 Bd7 14. Rfd1 Rac8 15. c4 cxd4 16. exd4 Be8 17. a3 Bf6 18. d5 Bxb2 19. Qxb2 exd5 20. cxd5 Rxd5 21. Rxd5 Qxd5 22. Qxb7 Rb8 23. Qc7 Qd7 24. Qxd7 Bxd7 25. Rd1 Bg4 26. h3 Be6 27. Ng5 Nd8 28. Nxe6 Nxe6 29. Rd7 a6 30. Ra7 Rb1+ 31. Kh2 Rb6 32. Bd5 Kf8 33. Bc4 Rc6 34. Bxa6 Nc7 35. Bf1 Ke7 36. Kg2 Kd6 37. Rb7 Rc3 38. a4 Kc6 39. Rb2 Ra3 40. Bb5+ Nxb5 41. axb5+ Kb6 42. g4 Ra5 43. Kg3 Rxb5 44. Rd2 Kc6 45. Rd8 Rb7 46. Kf4 Rd7 47. Rg8 f6 48. Kf5 Kd6 49. h4 1-0

[Event "Bern Albania Independence 100"]
[Site "Bern"]
[Date "2012.12.25"]
[Round "10"]
[White "Ermeni, Avni"]
[Black "Ondozi, Murtez"]
[Result "0-1"]
[WhiteElo "2287"]
[BlackElo "2406"]
[PlyCount "62"]
[EventDate "2012.12.21"]
[EventType "tourn"]
[EventRounds "10"]
[EventCountry "SUI"]
[EventCategory "7"]
[SourceTitle "EXT 2014"]
[Source "ChessBase"]
[SourceDate "2013.11.20"]
[SourceVersion "1"]
[SourceVersionDate "2013.11.20"]
[SourceQuality "1"]

1. e4 c5 2. Nf3 e6 3. d4 cxd4 4. Nxd4 Nc6 5. Nc3 Nf6 6. Be3 a6 7. Be2 Qc7 8. 0-0 Be7 9. f4 d6 10. Qe1 0-0 11. Qg3 Bd7 12. Rae1 b5 13. Bd3 b4 14. Nce2 e5 15. Nxc6 Bxc6 16. Qf3 Qb7 17. Ng3 d5 18. fxe5 dxe4 19. Qf5 exd3 20. exf6 Bxf6 21. Qf2 Bxb2 22. cxd3 Bc3 23. Rd1 a5 24. Nf5 Kh8 25. Qg3 f6 26. Rf4 a4 27. Rh4 g5 28. Bxg5 fxg5 29. Qxg5 Qf7 30. Rf1 Bd4+ 31. Kh1 Bf6 0-1

[Event "Bern Albania Independence 100"]
[Site "Bern"]
[Date "2012.12.23"]
[Round "6"]
[White "Ondozi, Murtez"]
[Black "Arnaudov, Petar G"]
[Result "1/2-1/2"]
[WhiteElo "2406"]
[BlackElo "2483"]
[PlyCount "27"]
[EventDate "2012.12.21"]
[EventType "tourn"]
[EventRounds "10"]
[EventCountry "SUI"]
[EventCategory "7"]
[SourceTitle "EXT 2014"]
[Source "ChessBase"]
[SourceDate "2013.11.20"]
[SourceVersion "1"]
[SourceVersionDate "2013.11.20"]
[SourceQuality "1"]

1. d4 Nf6 2. c4 e6 3. Nc3 Bb4 4. Qc2 Nc6 5. Nf3 d6 6. Bd2 0-0 7. a3 Bxc3 8. Bxc3 Qe7 9. e3 a5 10. Be2 e5 11. d5 Nb8 12. 0-0 Bg4 13. h3 Bxf3 14. Bxf3 1/2-1/2